Responses for Show #2703 - Wednesday, May 8, 1996

1996 Teen Tournament quarterfinal game 3.

Contestants

[<< previous game]

Peter Friedman, a senior from Marlboro, New Jersey

Derek Bridges, a junior from Greensburg, Pennsylvania

Linda Alila, a sophomore from The Woodlands, Texas

[next game >>]

Jeopardy! Round responses

STADIUMS
CHILDREN'S SING-A-LONG
STATE NICKNAMES
BUSINESS & INDUSTRY
WORLD HISTORY
"POT"POURRI
    $100 21
Braves

Linda
    $100 26
Old MacDonald

Linda
    $100 10
Arizona

Derek
    $100 16
Toys "R" Us

Linda
    $100 1
Fidel Castro

Peter
    $100 6
pot of gold

Derek
    $200 22
Orioles

Peter
    $200 27
Frosty the Snowman

Linda
    $200 12
Missouri

Linda
    $200 17
San Francisco

Derek
    $200 2
Fascist

Peter
    $200 7
(Peter: Pot pie.)
(Alex: Pardon?)
(Peter: What is a pot pie?)

pot roast or pot au feu

Peter
Triple Stumper
    $300 23
Mets

Peter
    $300 28
Bingo

Peter
    $300 13
Minnesota

Peter
    $300 18
General Electric

Derek
    $300 3
Manila

Peter
    $300 8
potluck

Derek
    $400 24
(Detroit) Lions

Derek
    $400 29
John Jacob Jingleheimer Schmidt

Peter
    $400 14
Utah

Derek
    $400 19
Little Caesars

Linda
    $400 4
Qadhafi

Peter
    $400 9
(Beatrix) Potter

Peter
    $500 25
Fenway

Peter
    $500 30
(Derek: What is a shoe and a spoon?)

(2 of) thumb, shoe, knee, door, spine, hive, sticks & gate

LindaDerek
    $500 15
Alabama

Triple Stumper
    $500 20
(William) Fargo

Derek
    $500 5
Portugal

Derek
    $500 11
Potawatomi

Triple Stumper

Scores at the first commercial break (after clue 15):

Linda Derek Peter
$200 $1,400 $1,500

Scores at the end of the Jeopardy! Round:

Linda Derek Peter
$1,600 $2,300 $3,200

Double Jeopardy! Round responses

ANATOMY
U.S. PRESIDENTS
RELIGION
BODIES OF WATER
SHAKESPEARE
BY THE TEEN NUMBERS
    $200 2
smile

Derek
    $200 7
Bill Clinton

Peter
    $200 21
Gabriel

Linda
    $200 3
Atlantic

Linda
    $200 16
Romeo and Juliet

Linda
    $200 26
13

Linda
    $400 6
tears

Linda
    $400 8
Teddy Roosevelt

Linda
    $400 22
Buddhism

Derek
    $400 11
Nile

Linda
    $400 17
Iago

Linda
    $400 27
14

Linda
    $600 1
scapula

Linda
    $600 9
(Jimmy) Carter

Derek
    $600 23
Incas

Linda
    $600 13
Erie

Peter
    $600 18
Hamlet

Peter
    $600 28
15

Derek
    $700 4
esophagus

Linda
    $800 10
Rutherford B. Hayes

Derek
    $800 24
Shintoism

Peter
    $800 14
Yangtze

Linda
    $1,000 19
(Peter: [After long pause] What is Richard the Second?)

King John

Peter
    $800 29
16

Derek
    $1000 5
small intestine

Linda
    $1000 12
William Henry Harrison

Triple Stumper
    $1000 25
Hinduism

Peter
    $1000 15
Baltic

Peter
    $1000 20
The Taming of the Shrew

Derek
    $1000 30
17

Derek

Scores at the end of the Double Jeopardy! Round:

Linda Derek Peter
$8,100 $7,700 $6,400

Final Jeopardy! Round responses

MEDICINE
PeterWhat is a virus
$3,600
DerekWhat is virus?
$7,700
LindaWhat is a virus?
$7,400
virus

Final scores:

Linda Derek Peter
$15,500 $15,400 $10,000
Automatic semifinalist 2nd place: $1,000 if eliminated 3rd place: $1,000 if eliminated

Game dynamics:

Coryat scores:

Linda Derek Peter
$8,200 $7,700 $7,400
21 R
(including 1 DD),
0 W
17 R,
1 W
17 R
(including 1 DD),
2 W
(including 1 DD)

Combined Coryat: $23,300

[game clues] [game scores] [suggest correction]

Game tape date: Unknown
The J! Archive is created by fans, for fans. Scraping, republication, monetization, and malicious use prohibited; this site may use cookies and collect identifying information. See terms. The Jeopardy! game show and all elements thereof, including but not limited to copyright and trademark thereto, are the property of Jeopardy Productions, Inc. and are protected under law. This website is not affiliated with, sponsored by, or operated by Jeopardy Productions, Inc. Join the discussion at JBoard.tv.